[Event "World Rapid 2023"]
[Site "Samarkand UZB"]
[Date "2023.12.28"]
[EventDate "2023.12.26"]
[Round "13.95"]
[Result "0-1"]
[White "Sumiya Chinguun"]
[Black "Shahruh Turayev"]
[WhiteElo "2319"]
[BlackElo "2183"]
[PlyCount "106"]

1. e4 d5 2. exd5 Qxd5 3. Nf3 Nf6 4. d4 Bg4 5. Be2 Nc6 6. c4 Qf5 7. Nc3 O-O-O 8.
Be3 Bxf3 9. Bxf3 e5 10. d5 e4 11. Nxe4 Ne5 12. Nxf6 Bb4+ 13. Kf1 gxf6 14. Be2
Rhg8 15. Rg1 Rde8 16. Qb1 Qd7 17. h3 Kb8 18. Qc2 Ng6 19. Bg4 Qd6 20. c5 Qxd5 21.
Bf3 Qe6 22. a3 Nh4 23. Bg4 f5 24. Be2 f4 25. Bxf4 Rxg2 26. Rxg2 Qxh3 27. Bf3
Qxf3 28. Bxc7+ Kxc7 29. Rh2 Nf5 30. Qxf5 Qxf5 31. axb4 Qd3+ 32. Kg1 Rg8+ 33. Rg2
Rxg2+ 34. Kxg2 a6 35. Re1 Qd5+ 36. Kg3 Qb3+ 37. Re3 Qxb4 38. Re7+ Kc6 39. f3
Qxc5 40. Rxf7 Qg5+ 41. Kf2 h5 42. b4 Qd2+ 43. Kg3 Qxb4 44. Rf5 Qd6+ 45. Kh4 Qh2+
46. Kg5 h4 47. f4 Qg3+ 48. Kf6 h3 49. Ke5 Qe3+ 50. Kf6 h2 51. Kf7 h1=Q 52. Rf6+
Kd7 53. Rd6+ Kxd6 0-1